Mi memoria / (Record n. 3340)

Dettagli MARC
000 -LEADER
fixed length control field 00574nam a2200205 i 4500
003 - CONTROL NUMBER IDENTIFIER
control field IT-RoINE
005 - DATE AND TIME OF LATEST TRANSACTION
control field 20140424150722.0
008 - FIXED-LENGTH DATA ELEMENTS--GENERAL INFORMATION
fixed length control field 990430s1999 sp | r 000 0aspa d
020 ## - INTERNATIONAL STANDARD BOOK NUMBER
International Standard Book Number 8460585301
040 ## - CATALOGING SOURCE
Original cataloging agency REBIUN
Transcribing agency IT-RoINE
Modifying agency IT-RoINE
100 1# - MAIN ENTRY--PERSONAL NAME
Personal name Rubio Repullés, Mauro
9 (RLIN) 6709
245 10 - TITLE STATEMENT
Title Mi memoria /
Statement of responsibility, etc Mauro Rubio Repullés.
260 ## - PUBLICATION, DISTRIBUTION, ETC. (IMPRINT)
Place of publication, distribution, etc Salamanca :
Name of publisher, distributor, etc SERCAD,
Date of publication, distribution, etc 1999.
300 ## - PHYSICAL DESCRIPTION
Extent 181 p. :
Other physical details il., ;
Dimensions 21 cm.
336 ## - CONTENT TYPE
Source rdacontent
Content type term text
337 ## - MEDIA TYPE
Source rdamedia
Media type term unmediated
338 ## - CARRIER TYPE
Source rdacarrier
Carrier type term volume
500 ## - GENERAL NOTE
General note Incluye apéndice.
942 ## - ADDED ENTRY ELEMENTS (KOHA)
Item type Monografías
Dati di copia
Withdrawn status Lost status Damaged status Not for loan Home library Current library Date acquired Total Checkouts Full call number Barcode Date last seen Price effective from Koha item type
        Iglesia Nacional Española en Roma Iglesia Nacional Española en Roma 24/04/2014   BIO 1369 3797 24/04/2014 24/04/2014 Monografías
        Iglesia Nacional Española en Roma Iglesia Nacional Española en Roma 03/11/2017   NOVALÍN 44 NOV-0044 03/11/2017 03/11/2017 Monografías